[Event "Open Praha 2016"]
[Site "Praha CZE"]
[Date "2016.01.12"]
[Round "6.9"]
[White "Shevchenko, Kirill"]
[Black "Koehler, Gerhard"]
[Result "1-0"]
[WhiteElo "2373"]
[BlackElo "2202"]
[PlyCount "56"]
[EventDate "2016.01.08"]
[EventType "swiss"]
[EventRounds "9"]
[EventCountry "CZE"]
[Source "lmi"]
[SourceDate "2016.01.08"]

1. e4 c5 2. Nf3 e6 3. d4 cxd4 4. Nxd4 Nf6 5. Nc3 d6 6. Be3 a6 7. Be2 Qc7 8. Qd2
b5 9. a3 Bb7 10. f3 Nbd7 11. O-O-O d5 12. exd5 Nxd5 13. Nxd5 Bxd5 14. Bf4 Qb7
15. Nf5 Nb6 16. Rhe1 f6 17. Bd6 Qd7 18. Bxf8 Rxf8 19. Qe3 Rb8 20. Nxg7+ Qxg7
21. Rxd5 Nxd5 22. Qxe6+ Ne7 23. Bxb5+ Rxb5 24. Qc8+ Kf7 25. Rxe7+ Kxe7 26. Qc7+
Ke6 27. Qxg7 Rd8 28. Qxh7 Rbd5 1-0

[Event "Open Praha 2016"]
[Site "Praha CZE"]
[Date "2016.01.12"]
[Round "6.15"]
[White "Brhel, Jan"]
[Black "Radionov, Timur"]
[Result "0-1"]
[WhiteElo "2151"]
[BlackElo "2321"]
[PlyCount "110"]
[EventDate "2016.01.08"]
[EventType "swiss"]
[EventRounds "9"]
[EventCountry "CZE"]
[Source "lmi"]
[SourceDate "2016.01.08"]

1. d4 Nf6 2. Nf3 g6 3. c4 c5 4. Nc3 Nc6 5. d5 Na5 6. e4 d6 7. h3 Bg7 8. Bd3 O-O
9. O-O a6 10. a4 Rb8 11. Re1 Nd7 12. Ra3 Ne5 13. Nxe5 Bxe5 14. f4 Bd4+ 15. Kh1
e6 16. Ne2 Bg7 17. Qc2 exd5 18. exd5 Re8 19. Bd2 b6 20. Rf1 Qh4 21. f5 Bxf5 22.
Bxf5 Rxe2 23. Bd3 Rf2 24. Rxf2 Qxf2 25. Bxa5 Qxc2 26. Bxc2 bxa5 27. Rb3 Rxb3
28. Bxb3 Bxb2 29. Kg1 Kg7 30. Kf2 Kf6 31. Ke3 Ke5 32. Bd1 Bd4+ 33. Kd3 Kf4 34.
Bf3 h5 35. Ke2 f5 36. Kd3 h4 37. Ke2 g5 38. Bh5 g4 39. Bg6 Bf6 40. Bh7 gxh3 41.
gxh3 Ke4 42. Kd2 Kd4 43. Bxf5 Kxc4 44. Be4 Bg5+ 45. Kd1 Kd4 46. Bf3 Kc3 47. Ke1
Kb4 48. Bd1 c4 49. Bc2 Kc3 50. Bf5 Kb3 51. Kd1 Kxa4 52. Kc2 Kb4 53. Bd7 a4 54.
Kb1 Kb3 55. Bf5 a3 0-1

[Event "Open Praha 2016"]
[Site "Praha CZE"]
[Date "2016.01.12"]
[Round "6.17"]
[White "Gkogkas, Dimitros"]
[Black "Chen, Pengyu"]
[Result "0-1"]
[WhiteElo "2124"]
[BlackElo "2308"]
[PlyCount "34"]
[EventDate "2016.01.08"]
[EventType "swiss"]
[EventRounds "9"]
[EventCountry "CZE"]
[Source "lmi"]
[SourceDate "2016.01.08"]

1. d4 Nf6 2. c4 e6 3. Nf3 c5 4. e3 a6 5. Nc3 d5 6. cxd5 exd5 7. a3 Nc6 8. dxc5
Bxc5 9. b4 Ba7 10. Bb2 O-O 11. Be2 Re8 12. O-O Be6 13. Rc1 Qe7 14. Na4 Ne4 15.
Qc2 Rac8 16. Qb1 Bg4 17. Rfd1 Nxf2 0-1

[Event "Open Praha 2016"]
[Site "Praha CZE"]
[Date "2016.01.12"]
[Round "6.18"]
[White "Grove, Michael"]
[Black "Stoynov, Ivan"]
[Result "1-0"]
[WhiteElo "2056"]
[BlackElo "2284"]
[PlyCount "49"]
[EventDate "2016.01.08"]
[EventType "swiss"]
[EventRounds "9"]
[EventCountry "CZE"]
[Source "lmi"]
[SourceDate "2016.01.08"]

1. e4 g6 2. d4 Bg7 3. Be3 c6 4. Nc3 d5 5. Qd2 h5 6. O-O-O Nh6 7. f3 dxe4 8.
fxe4 Ng4 9. Kb1 Nxe3 10. Qxe3 Bg4 11. Be2 Qb6 12. Bxg4 hxg4 13. e5 Na6 14. Nge2
Rd8 15. Rhf1 O-O 16. Qf4 c5 17. d5 Qb4 18. Qe3 b5 19. Qg5 c4 20. h4 Qa5 21. h5
b4 22. hxg6 fxg6 23. Qxg6 Qb6 24. d6 Nc7 25. Nd5 1-0

[Event "Open Praha 2016"]
[Site "Praha CZE"]
[Date "2016.01.12"]
[Round "6.19"]
[White "Low, Zhen Yu Cyrus"]
[Black "Hovsepyan, Vardan"]
[Result "0-1"]
[WhiteElo "2269"]
[BlackElo "2067"]
[PlyCount "70"]
[EventDate "2016.01.08"]
[EventType "swiss"]
[EventRounds "9"]
[EventCountry "CZE"]
[Source "lmi"]
[SourceDate "2016.01.08"]

1. e4 e5 2. Nf3 Nc6 3. Bc4 d6 4. d4 Bd7 5. O-O exd4 6. Nxd4 Nf6 7. Nc3 Be7 8.
Re1 O-O 9. b3 Re8 10. Bb2 Bf8 11. Bf1 Ne5 12. f4 Ng6 13. g3 h5 14. Bg2 c6 15.
Qd2 h4 16. Bf3 b5 17. Nd1 Qb6 18. Nf2 Rad8 19. g4 Ne5 20. fxe5 dxe5 21. g5 Nh7
22. g6 fxg6 23. Qe3 Bc5 24. c3 Bc8 25. Rad1 b4 26. Qe2 Ba6 27. Qc2 bxc3 28.
Bxc3 exd4 29. b4 dxc3 30. bxc5 Qxc5 31. Kg2 Ng5 32. Nd3 h3+ 33. Kh1 Qc4 34. Re3
Nxf3 35. Rxf3 Qd4 0-1

[Event "Open Praha 2016"]
[Site "Praha CZE"]
[Date "2016.01.12"]
[Round "6.21"]
[White "Nilsen, Martin"]
[Black "Jurcik, Martin"]
[Result "0-1"]
[WhiteElo "2092"]
[BlackElo "2349"]
[PlyCount "71"]
[EventDate "2016.01.08"]
[EventType "swiss"]
[EventRounds "9"]
[EventCountry "CZE"]
[Source "lmi"]
[SourceDate "2016.01.08"]

1. e3 g6 2. c4 Bg7 3. Nc3 d6 4. Nf3 e5 5. d4 Nd7 6. Be2 Ne7 7. O-O O-O 8. b4 a5
9. b5 b6 10. a4 Bb7 11. Ba3 exd4 12. exd4 Nf5 13. Rc1 Re8 14. Bb2 Nf8 15. Nd5
Ne6 16. Bd3 Ne7 17. Nc3 Bxf3 18. Qxf3 Nxd4 19. Qh3 Nb3 20. Rcd1 Nc5 21. Be2 Ne6
22. Bc1 Rb8 23. Bg4 f5 24. Be2 Kh8 25. Rfe1 Ng8 26. Nd5 Nd4 27. Bf3 Qd7 28. Kh1
Rxe1+ 29. Rxe1 Re8 30. Rd1 Nxf3 31. Qxf3 Nf6 32. Nxf6 Bxf6 33. h3 Re4 34. Bh6
Qe6 35. Kh2 Kg8 36. Re1 0-1

[Event "Open Praha 2016"]
[Site "Praha CZE"]
[Date "2016.01.12"]
[Round "6.23"]
[White "Ripari, Marcelo"]
[Black "Hrdina, Robin"]
[Result "1-0"]
[WhiteElo "2310"]
[BlackElo "2122"]
[PlyCount "81"]
[EventDate "2016.01.08"]
[EventType "swiss"]
[EventRounds "9"]
[EventCountry "CZE"]
[Source "lmi"]
[SourceDate "2016.01.08"]

1. e4 c5 2. Nf3 e6 3. c3 a6 4. d4 cxd4 5. cxd4 d6 6. Nc3 Nf6 7. Be2 Be7 8. O-O
O-O 9. e5 Nfd7 10. Bf4 d5 11. Bd3 Nc6 12. Rc1 f6 13. exf6 Nxf6 14. Re1 Bd6 15.
Bg5 Qc7 16. Ne5 Bd7 17. Na4 Rae8 18. Nc5 Bc8 19. Bh4 Kh8 20. Bg3 Qd8 21. Nxb7
Bxb7 22. Nxc6 Bxc6 23. Rxc6 Bxg3 24. hxg3 Qb8 25. Rc2 Qb6 26. Be2 Ne4 27. Bf3
Nd6 28. Qd3 Nf5 29. Rd2 Nd6 30. b3 a5 31. Re5 Nf7 32. Re3 Nd6 33. Re1 Qb4 34.
Rc1 Rc8 35. Rxc8 Rxc8 36. Re2 Nf5 37. Rxe6 Nxd4 38. Re5 Rd8 39. Bxd5 Qc5 40.
Qe4 Rf8 41. Bc4 1-0

[Event "Open Praha 2016"]
[Site "Praha CZE"]
[Date "2016.01.12"]
[Round "6.29"]
[White "Darnell, Anton"]
[Black "Chekletsov, Ilya"]
[Result "1/2-1/2"]
[WhiteElo "1979"]
[BlackElo "2246"]
[PlyCount "61"]
[EventDate "2016.01.08"]
[EventType "swiss"]
[EventRounds "9"]
[EventCountry "CZE"]
[Source "lmi"]
[SourceDate "2016.01.08"]

1. c4 Nf6 2. g3 c5 3. Bg2 Nc6 4. Nc3 g6 5. Nf3 Bg7 6. O-O O-O 7. d3 d6 8. Bd2
Bd7 9. Qc1 Qc8 10. Bh6 Bh3 11. Bxg7 Kxg7 12. Rd1 Bxg2 13. Kxg2 Nd4 14. Nd2 Qc6+
15. Kg1 e5 16. e3 Ne6 17. Nde4 Ne8 18. Nd5 b5 19. f4 f5 20. Nd2 exf4 21. Qc3+
Kf7 22. gxf4 b4 23. Qc2 Nf6 24. Nxf6 Kxf6 25. Nf1 g5 26. fxg5+ Nxg5 27. Qg2
Qxg2+ 28. Kxg2 Kg6 29. Ng3 Rae8 30. Re1 Ne6 31. Ne2 1/2-1/2

[Event "Open Praha 2016"]
[Site "Praha CZE"]
[Date "2016.01.12"]
[Round "6.33"]
[White "Jelinek, Michal"]
[Black "Motornov, Vladimir"]
[Result "0-1"]
[WhiteElo "2193"]
[BlackElo "1972"]
[PlyCount "96"]
[EventDate "2016.01.08"]
[EventType "swiss"]
[EventRounds "9"]
[EventCountry "CZE"]
[Source "lmi"]
[SourceDate "2016.01.08"]

1. e4 e6 2. d4 d5 3. Nc3 Bb4 4. e5 c5 5. a3 Bxc3+ 6. bxc3 Ne7 7. Nf3 b6 8. Bb5+
Bd7 9. Bd3 Ba4 10. O-O h6 11. Re1 c4 12. Bf1 Nbc6 13. Bd2 Kd7 14. h4 Qg8 15. h5
Qh7 16. Ra2 g6 17. hxg6 Qxg6 18. Nh4 Qg7 19. Re3 Rag8 20. Rg3 Qh7 21. Rxg8 Rxg8
22. Qh5 Bxc2 23. Qxh6 Qxh6 24. Bxh6 Be4 25. f3 Bh7 26. Be2 b5 27. Rb2 Rb8 28.
Kf2 a5 29. Bd2 b4 30. axb4 axb4 31. cxb4 Nxd4 32. Bd1 Nb5 33. Ba4 d4 34. Ra2
Nc6 35. f4 c3 36. Be1 Kc7 37. Nf3 Nxb4 38. Ra1 Nd3+ 39. Kg3 Nxe1 40. Rxe1 d3
41. Rc1 c2 42. Bxb5 Rxb5 43. Nd2 Kc6 44. Kf3 Kc5 45. Ke3 Kb4 46. Ra1 Rc5 47.
Rc1 Kc3 48. Nf3 Rb5 0-1

[Event "Open Praha 2016"]
[Site "Praha CZE"]
[Date "2016.01.12"]
[Round "6.34"]
[White "Jakaityte, Ruta"]
[Black "Al Argha, Hisham"]
[Result "0-1"]
[WhiteElo "1943"]
[BlackElo "2274"]
[PlyCount "56"]
[EventDate "2016.01.08"]
[EventType "swiss"]
[EventRounds "9"]
[EventCountry "CZE"]
[Source "lmi"]
[SourceDate "2016.01.08"]

1. e4 e5 2. Nf3 Nf6 3. Nc3 Bb4 4. d3 d5 5. Bd2 Nc6 6. Qe2 O-O 7. a3 Bc5 8. exd5
Nd4 9. Nxd4 exd4 10. Ne4 Nxe4 11. dxe4 f5 12. Qc4 Qd6 13. g3 fxe4 14. Bf4 Qb6
15. O-O-O Bg4 16. b4 Bd6 17. Rxd4 Bf3 18. Rg1 a5 19. Bxd6 cxd6 20. b5 Rac8 21.
Qa4 Rc3 22. Kb2 Rfc8 23. Rc4 R8xc4 24. Bxc4 Qd4 25. Qxa5 Rxc4+ 26. c3 Qxf2+ 27.
Kb3 Rc8 28. Rc1 Qd2 0-1

[Event "Open Praha 2016"]
[Site "Praha CZE"]
[Date "2016.01.12"]
[Round "6.37"]
[White "Kucera, Tomas"]
[Black "Burnett, Andrew"]
[Result "0-1"]
[WhiteElo "2011"]
[BlackElo "2210"]
[PlyCount "70"]
[EventDate "2016.01.08"]
[EventType "swiss"]
[EventRounds "9"]
[EventCountry "CZE"]
[Source "lmi"]
[SourceDate "2016.01.08"]

1. e4 c5 2. Nf3 Nf6 3. Nc3 Nc6 4. d4 cxd4 5. Nxd4 d6 6. Bc4 Qb6 7. Nb3 e6 8.
Be3 Qc7 9. O-O Be7 10. f4 a6 11. a4 b6 12. Qe2 O-O 13. Rad1 Nb4 14. Bd3 Bb7 15.
Bd4 e5 16. fxe5 dxe5 17. Bf2 Bc8 18. h3 Be6 19. Nd2 Bc5 20. Kh2 Bxf2 21. Qxf2
Rfd8 22. Nf3 Nh5 23. g3 h6 24. Nh4 Nxd3 25. cxd3 g6 26. Ng2 Rd6 27. Ne3 Qd7 28.
Ned5 Bxh3 29. Nxb6 Rxb6 30. Qxb6 Bxf1 31. Rxf1 Qxd3 32. Qf2 Rc8 33. Rd1 Qc4 34.
Qe3 Kg7 35. Rd5 Nf6 0-1

[Event "Open Praha 2016"]
[Site "Praha CZE"]
[Date "2016.01.12"]
[Round "6.38"]
[White "Volodin, Viktor"]
[Black "Ortoft, Kai"]
[Result "0-1"]
[WhiteElo "2201"]
[BlackElo "2001"]
[PlyCount "98"]
[EventDate "2016.01.08"]
[EventType "swiss"]
[EventRounds "9"]
[EventCountry "CZE"]
[Source "lmi"]
[SourceDate "2016.01.08"]

1. d4 Nf6 2. c4 d6 3. Nf3 Nbd7 4. Nc3 e5 5. e4 c6 6. Be2 Be7 7. O-O Qc7 8. h3
h6 9. Be3 g5 10. Nh2 Nf8 11. Ng4 Ng6 12. dxe5 dxe5 13. Nxf6+ Bxf6 14. Bg4 Nf4
15. Rc1 h5 16. Bf5 Be7 17. Nb5 cxb5 18. cxb5 Qd8 19. Qxd8+ Bxd8 20. Rxc8 Rxc8
21. Bxc8 b6 22. Rd1 O-O 23. Rd7 Bf6 24. Ba6 Ra8 25. a4 Ne2+ 26. Kf1 Nd4 27. Bb7
Rd8 28. Rc7 Ne6 29. Rc1 Be7 30. Bd5 Nc5 31. b3 Kf8 32. Ke2 f5 33. f3 f4 34. Bf2
Bd6 35. a5 Ke7 36. a6 Nd7 37. Bb7 Rb8 38. Rc6 Rg8 39. Rc4 Rd8 40. h4 g4 41.
fxg4 hxg4 42. h5 g3 43. Bg1 Rh8 44. Rc8 Rxh5 45. Ra8 Rh1 46. Bxb6 Nxb6 47. Rxa7
Bb8 48. Ra8 Nxa8 49. Bxa8 Ba7 0-1

[Event "Open Praha 2016"]
[Site "Praha CZE"]
[Date "2016.01.13"]
[Round "7.1"]
[White "Plischki, Sebastian"]
[Black "Gavrilov, Alexei"]
[Result "1/2-1/2"]
[WhiteElo "2377"]
[BlackElo "2425"]
[PlyCount "161"]
[EventDate "2016.01.08"]
[EventType "swiss"]
[EventRounds "9"]
[EventCountry "CZE"]
[Source "lmi"]
[SourceDate "2016.01.08"]

1. d4 d5 2. c4 c6 3. Nf3 Nf6 4. Nc3 dxc4 5. a4 e6 6. e3 c5 7. Bxc4 Nc6 8. O-O
cxd4 9. exd4 Be7 10. d5 exd5 11. Nxd5 Nxd5 12. Bxd5 O-O 13. Be3 Qa5 14. Qb3 Qb4
15. Rfd1 Qxb3 16. Bxb3 Bf5 17. Nd4 Nxd4 18. Bxd4 Rfd8 19. Bc3 Bd3 20. Re1 Bc5
21. Rad1 Kf8 22. Re5 b6 23. Rd5 Rxd5 24. Bxd5 Bc2 25. Rd2 Rd8 26. b4 Be7 27.
Rxc2 Rxd5 28. Rd2 Rxd2 29. Bxd2 Bd6 30. Kf1 Ke7 31. h3 Ke6 32. Ke2 Kd5 33. Kd3
a6 34. Bc3 g6 35. Bd2 b5 36. axb5 axb5 37. Bc3 Be7 38. Bd2 Bf6 39. Be3 Be7 40.
Bd2 h5 41. Bc3 Bg5 42. Bd4 Bd2 43. Bc5 Bc1 44. Bd4 Bf4 45. Bc3 Be5 46. Bd2 Bd4
47. f3 Bf6 48. Be1 Be7 49. Bc3 Bf8 50. Bd2 Ke5 51. Bc3+ Kf4 52. Ke2 Kg3 53. Kf1
Bd6 54. Be1+ Kh2 55. Bc3 g5 56. Kf2 Bg3+ 57. Kf1 Bf4 58. Kf2 Bd6 59. Bd2 Be7
60. Bc3 Bd6 61. Bd2 f6 62. Kf1 Kg3 63. Be1+ Kh2 64. Bd2 Kg3 65. Be1+ Kf4 66.
Ke2 g4 67. hxg4 hxg4 68. Bd2+ Kg3 69. Be1+ Kf4 70. Bd2+ Kf5 71. Kd3 gxf3 72.
gxf3 Be5 73. Be3 Bd6 74. Bd2 Be5 75. Be3 Bc7 76. Bd2 Ke5 77. Bc3+ Ke6 78. Bxf6
Kxf6 79. Kd4 Bd6 80. Kd5 Bxb4 81. Kc6 1/2-1/2

[Event "Open Praha 2016"]
[Site "Praha CZE"]
[Date "2016.01.13"]
[Round "7.2"]
[White "Wisniewski, Michal"]
[Black "Manik, Mikulas"]
[Result "1/2-1/2"]
[WhiteElo "2270"]
[BlackElo "2406"]
[PlyCount "30"]
[EventDate "2016.01.08"]
[EventType "swiss"]
[EventRounds "9"]
[EventCountry "CZE"]
[Source "lmi"]
[SourceDate "2016.01.08"]

1. e4 c5 2. Nf3 d6 3. d4 cxd4 4. Qxd4 a6 5. h3 Nc6 6. Qe3 g6 7. c4 Bg7 8. Be2
Nf6 9. Nc3 O-O 10. O-O Nd7 11. Rb1 a5 12. b3 Nc5 13. Bb2 a4 14. Nb5 axb3 15.
axb3 Bxb2 1/2-1/2

[Event "Open Praha 2016"]
[Site "Praha CZE"]
[Date "2016.01.13"]
[Round "7.3"]
[White "Rzayev, Bahruz"]
[Black "Shevchenko, Kirill"]
[Result "1/2-1/2"]
[WhiteElo "2400"]
[BlackElo "2373"]
[PlyCount "41"]
[EventDate "2016.01.08"]
[EventType "swiss"]
[EventRounds "9"]
[EventCountry "CZE"]
[Source "lmi"]
[SourceDate "2016.01.08"]

1. e4 c5 2. Nf3 d6 3. d4 cxd4 4. Nxd4 Nf6 5. Nc3 a6 6. Bc4 e6 7. Bb3 b5 8. O-O
Be7 9. Qf3 Qc7 10. Qg3 O-O 11. Bh6 Ne8 12. Rfe1 Kh8 13. Be3 Bd7 14. Rad1 Nc6
15. Nf3 b4 16. Na4 Rb8 17. Bf4 e5 18. Bg5 h6 19. Bd2 Nf6 20. Qh4 Nh7 21. Qg3
1/2-1/2

[Event "Open Praha 2016"]
[Site "Praha CZE"]
[Date "2016.01.13"]
[Round "7.4"]
[White "Schmidt-Schaeffer, Sebastian"]
[Black "Atalik, Ekaterina"]
[Result "0-1"]
[WhiteElo "2381"]
[BlackElo "2378"]
[PlyCount "50"]
[EventDate "2016.01.08"]
[EventType "swiss"]
[EventRounds "9"]
[EventCountry "CZE"]
[Source "lmi"]
[SourceDate "2016.01.08"]

1. f4 d5 2. Nf3 Bg4 3. e3 Nd7 4. h3 Bxf3 5. Qxf3 e5 6. Qxd5 Qh4+ 7. Kd1 O-O-O
8. fxe5 Qe7 9. b3 Nxe5 10. Qa5 Nc6 11. Qf5+ Kb8 12. d4 g6 13. Qf3 Bh6 14. Bd3
f5 15. Re1 Nf6 16. Ba3 Qd7 17. Nc3 Rhe8 18. Bc5 b6 19. Ba3 Nxd4 20. exd4 Qxd4
21. Qc6 Qf2 22. Ne2 Rxe2 23. Rxe2 Qf1+ 24. Re1 Rxd3+ 25. cxd3 Qxd3# 0-1

[Event "Open Praha 2016"]
[Site "Praha CZE"]
[Date "2016.01.13"]
[Round "7.5"]
[White "Radionov, Timur"]
[Black "Gundavaa, Bayarsaikhan"]
[Result "0-1"]
[WhiteElo "2321"]
[BlackElo "2507"]
[PlyCount "78"]
[EventDate "2016.01.08"]
[EventType "swiss"]
[EventRounds "9"]
[EventCountry "CZE"]
[Source "lmi"]
[SourceDate "2016.01.08"]

1. e4 c5 2. Nc3 e6 3. Nge2 a6 4. g3 b5 5. Bg2 Bb7 6. O-O Qc7 7. d3 Nf6 8. h3 b4
9. Nb1 Be7 10. f4 d5 11. e5 Nfd7 12. d4 Nc6 13. c3 a5 14. f5 bxc3 15. bxc3 cxd4
16. cxd4 O-O 17. Be3 Qb6 18. Qb3 Qxb3 19. axb3 Nb4 20. Na3 Ba6 21. Bf3 exf5 22.
Rfc1 Rac8 23. Nf4 Nb6 24. h4 g6 25. Be2 Rxc1+ 26. Rxc1 Bxe2 27. Nxe2 Rc8 28.
Rxc8+ Nxc8 29. Nb5 Bd8 30. Nf4 Bb6 31. Kf2 Ne7 32. Ke2 Nec6 33. Kd2 Kg7 34. Nd3
f6 35. Nxb4 axb4 36. Nd6 Bxd4 37. Bxd4 Nxd4 38. Ne8+ Kf7 39. Nxf6 Ke6 0-1

[Event "Open Praha 2016"]
[Site "Praha CZE"]
[Date "2016.01.13"]
[Round "7.6"]
[White "Jurcik, Marian"]
[Black "Chen, Pengyu"]
[Result "0-1"]
[WhiteElo "2500"]
[BlackElo "2308"]
[PlyCount "166"]
[EventDate "2016.01.08"]
[EventType "swiss"]
[EventRounds "9"]
[EventCountry "CZE"]
[Source "lmi"]
[SourceDate "2016.01.08"]

1. e4 c5 2. Nf3 Nc6 3. d4 cxd4 4. Nxd4 Nf6 5. Nc3 d6 6. Bc4 e5 7. Nde2 Be6 8.
Bb3 Be7 9. Bg5 O-O 10. Bxf6 Bxf6 11. O-O Na5 12. Qd3 Rc8 13. Rfd1 Nc4 14. Rab1
Qa5 15. Nd5 Bxd5 16. Qxd5 Qxd5 17. Rxd5 Be7 18. Rd3 Nb6 19. Nc3 Rc5 20. a4 g6
21. Ra1 Kg7 22. a5 Nc4 23. Bxc4 Rxc4 24. a6 Rb8 25. b3 Rc6 26. Nd5 Bd8 27. axb7
Rxb7 28. Ra2 Bb6 29. Kf1 f5 30. exf5 gxf5 31. Rg3+ Kf7 32. Rh3 Kg6 33. c4 f4
34. g3 f3 35. Ra6 Rc8 36. Rh4 h5 37. b4 Kg5 38. Ke1 Bd4 39. c5 dxc5 40. Nf6 Rb6
41. Ne4+ Kg6 42. Rxb6+ axb6 43. bxc5 bxc5 44. g4 hxg4 45. Rxg4+ Kf5 46. h3 Ra8
47. Kd2 Ra3 48. Nd6+ Ke6 49. Nc4 Ra2+ 50. Kd3 Rxf2 51. Rg3 Kf5 52. Nd6+ Ke6 53.
Ne4 Rf1 54. Nd2 Re1 55. Rxf3 Kd5 56. Rg3 Ra1 57. Ke2 c4 58. Rg8 Ra2 59. Rd8+
Kc5 60. Rc8+ Kd5 61. Rd8+ Ke6 62. Kd1 c3 63. Nb3 Kf6 64. Rc8 Kf5 65. h4 Ke4 66.
Nc5+ Ke3 67. h5 Rh2 68. h6 Rxh6 69. Nb3 Rh1+ 70. Kc2 Rh2+ 71. Kd1 Rb2 72. Rb8
Ke4 73. Rb4 Kd5 74. Rb8 Be3 75. Rd8+ Ke4 76. Na1 Rb1+ 77. Kc2 Rxa1 78. Kxc3
Bd4+ 79. Kc2 Ra2+ 80. Kb3 Rb2+ 81. Kc4 Rc2+ 82. Kb3 Rc3+ 83. Kb4 Kd3 0-1

[Event "Open Praha 2016"]
[Site "Praha CZE"]
[Date "2016.01.13"]
[Round "7.7"]
[White "Teske, Henrik"]
[Black "Ivanov, Mikhail M"]
[Result "1-0"]
[WhiteElo "2461"]
[BlackElo "2359"]
[PlyCount "101"]
[EventDate "2016.01.08"]
[EventType "swiss"]
[EventRounds "9"]
[EventCountry "CZE"]
[Source "lmi"]
[SourceDate "2016.01.08"]

1. d4 Nf6 2. c4 c5 3. d5 b5 4. cxb5 a6 5. bxa6 g6 6. a7 Rxa7 7. Nc3 Ba6 8. e4
Bxf1 9. Kxf1 d6 10. Nf3 Nbd7 11. g3 Bg7 12. Kg2 O-O 13. Re1 Qa8 14. a4 Rb8 15.
Ra3 Ne8 16. Nb5 Rab7 17. Nd2 Nc7 18. Nxc7 Rxc7 19. Qc2 Rcb7 20. b3 Qa5 21. Re3
Nb6 22. Rd3 Rc8 23. Nc4 Nxc4 24. bxc4 Qa6 25. a5 Rb4 26. Ra4 Rcb8 27. Rda3 Rb1
28. Ra2 Bd4 29. R4a3 R1b4 30. Bd2 Rb1 31. h3 h5 32. Qa4 Kg7 33. Rc2 R1b2 34.
Rxb2 Rxb2 35. Ra2 Rb1 36. Rc2 Bf6 37. Qa2 Rb7 38. Qa3 Rb1 39. Qd3 Rb7 40. Ra2
Bd4 41. Be1 e5 42. Ra3 h4 43. g4 f5 44. exf5 Rf7 45. fxg6 Rf4 46. Rb3 e4 47.
Qd2 Be5 48. Qe2 Bd4 49. Rb6 Qc8 50. Rxd6 Qf8 51. Re6 1-0

[Event "Open Praha 2016"]
[Site "Praha CZE"]
[Date "2016.01.13"]
[Round "7.8"]
[White "Hovsepyan, Vardan"]
[Black "Sergeev, Vladimir"]
[Result "1-0"]
[WhiteElo "2067"]
[BlackElo "2452"]
[PlyCount "95"]
[EventDate "2016.01.08"]
[EventType "swiss"]
[EventRounds "9"]
[EventCountry "CZE"]
[Source "lmi"]
[SourceDate "2016.01.08"]

1. e4 c5 2. Nf3 a6 3. Be2 g6 4. O-O Bg7 5. c3 d6 6. d4 Nd7 7. a4 b6 8. Bc4 Bb7
9. Ng5 e6 10. f4 d5 11. f5 exf5 12. exd5 h6 13. Re1+ Kf8 14. Bf4 Ndf6 15. dxc5
bxc5 16. Re6 Ne4 17. Nxf7 Kxf7 18. d6 Kf8 19. d7 Ne7 20. Bd6 Bf6 21. Nd2 Kg7
22. Nxe4 Bxe4 23. Bxc5 Nd5 24. Bxd5 Qxd7 25. Rd6 Qc7 26. Rc6 Qxc6 27. Bxc6 Bxc6
28. Qd6 Rac8 29. Bd4 Bxd4+ 30. Qxd4+ Kf7 31. Qa7+ Kf6 32. Re1 Be4 33. Qxa6+ Rc6
34. Qb5 Rd6 35. a5 Rhd8 36. Kf2 Rd5 37. Qb4 Kg5 38. Re2 Rd2 39. a6 R2d7 40. c4
Kh5 41. b3 Rd1 42. Qa5 Ba8 43. h3 R8d4 44. Qe5 Kg5 45. Qe7+ Kh5 46. g4+ fxg4
47. Re5+ g5 48. Rxg5+ 1-0

[Event "Open Praha 2016"]
[Site "Praha CZE"]
[Date "2016.01.13"]
[Round "7.9"]
[White "Meister, Yakov"]
[Black "Grove, Michael"]
[Result "1-0"]
[WhiteElo "2446"]
[BlackElo "2056"]
[PlyCount "79"]
[EventDate "2016.01.08"]
[EventType "swiss"]
[EventRounds "9"]
[EventCountry "CZE"]
[Source "lmi"]
[SourceDate "2016.01.08"]

1. e4 c5 2. Nf3 Nc6 3. d4 cxd4 4. Nxd4 e5 5. Nb5 d6 6. c4 Be7 7. N1c3 a6 8. Na3
Nf6 9. Be2 O-O 10. Be3 Be6 11. O-O Rc8 12. Rc1 Nd7 13. Qd2 g6 14. Nd5 Nc5 15.
f3 Bd7 16. Nxe7+ Qxe7 17. Rfd1 Ne6 18. Nc2 Rfd8 19. Qxd6 Qh4 20. Qd2 Ncd4 21.
Nxd4 exd4 22. Bf2 Qe7 23. b3 Bc6 24. Bf1 Rd7 25. Qh6 f6 26. Qd2 g5 27. Qb2 Rcd8
28. Rd2 Kf7 29. b4 b5 30. c5 g4 31. fxg4 d3 32. Qb3 Kg7 33. Rxd3 Rxd3 34. Bxd3
Nf4 35. Bf1 Qd7 36. Qe3 Ng6 37. g5 fxg5 38. Qxg5 Rf8 39. Qe3 Qe6 40. a4 1-0

[Event "Open Praha 2016"]
[Site "Praha CZE"]
[Date "2016.01.13"]
[Round "7.12"]
[White "Kohlweyer, Bernd"]
[Black "Liu, Yi"]
[Result "1/2-1/2"]
[WhiteElo "2404"]
[BlackElo "2268"]
[PlyCount "59"]
[EventDate "2016.01.08"]
[EventType "swiss"]
[EventRounds "9"]
[EventCountry "CZE"]
[Source "lmi"]
[SourceDate "2016.01.08"]

1. d4 d5 2. c4 e6 3. Nf3 Nf6 4. Nc3 c6 5. e3 Nbd7 6. Qc2 b6 7. Bd3 Bb7 8. O-O
Bd6 9. Rd1 O-O 10. e4 dxe4 11. Nxe4 Nxe4 12. Bxe4 Nf6 13. Bg5 h6 14. Bxf6 Qxf6
15. c5 Bc7 16. b4 Rac8 17. a4 Rfd8 18. a5 bxa5 19. b5 Bb8 20. Rxa5 g5 21. h3 h5
22. Raa1 g4 23. hxg4 hxg4 24. bxc6 Bxc6 25. Bxc6 gxf3 26. Bxf3 Rxd4 27. Rxd4
Qxd4 28. Rd1 Qe5 29. c6 Bc7 30. g3 1/2-1/2

[Event "Open Praha 2016"]
[Site "Praha CZE"]
[Date "2016.01.13"]
[Round "7.13"]
[White "Olsarova, Karolina"]
[Black "Kowalczyk, Pawel"]
[Result "1-0"]
[WhiteElo "2252"]
[BlackElo "2350"]
[PlyCount "93"]
[EventDate "2016.01.08"]
[EventType "swiss"]
[EventRounds "9"]
[EventCountry "CZE"]
[Source "lmi"]
[SourceDate "2016.01.08"]

1. e4 c5 2. Nf3 e6 3. d4 cxd4 4. Nxd4 Qb6 5. Nc3 Bc5 6. Na4 Qa5+ 7. Nc3 Qb6 8.
Na4 Qa5+ 9. Nc3 Bxd4 10. Qxd4 Nf6 11. Bd2 Nc6 12. Qd6 Qb4 13. Qxb4 Nxb4 14.
O-O-O a6 15. Bf4 b5 16. Be2 O-O 17. Bd6 Nc6 18. e5 b4 19. Bxf8 bxc3 20. exf6
cxb2+ 21. Kb1 Kxf8 22. fxg7+ Kxg7 23. c4 e5 24. f4 d6 25. Kxb2 Rb8+ 26. Kc3 Nd4
27. Bd3 Be6 28. fxe5 dxe5 29. Rhe1 f6 30. Rb1 Rc8 31. Rb7+ Bf7 32. a4 a5 33. h4
h5 34. Reb1 f5 35. Rd7 Kf6 36. Rb6+ Be6 37. Rh7 Kg6 38. Ra7 Rc5 39. Rd6 Kf6 40.
Rda6 Nc6 41. Rc7 Bd5 42. g3 Bf3 43. Be2 Bg2 44. Bxh5 f4 45. Be8 fxg3 46. Bxc6
Kf5 47. Rf7+ 1-0

[Event "Open Praha 2016"]
[Site "Praha CZE"]
[Date "2016.01.13"]
[Round "7.14"]
[White "Jurcik, Martin"]
[Black "Brzezinski, Adam"]
[Result "1-0"]
[WhiteElo "2349"]
[BlackElo "2238"]
[PlyCount "57"]
[EventDate "2016.01.08"]
[EventType "swiss"]
[EventRounds "9"]
[EventCountry "CZE"]
[Source "lmi"]
[SourceDate "2016.01.08"]

1. d4 e6 2. c4 Bb4+ 3. Bd2 a5 4. Nf3 Nf6 5. g3 d5 6. Qc2 c6 7. Bg2 O-O 8. O-O
Nbd7 9. Bg5 Be7 10. Nbd2 h6 11. Bxf6 Bxf6 12. e4 b6 13. exd5 exd5 14. cxd5 c5
15. Ne4 Ba6 16. Rfd1 c4 17. a4 g6 18. Re1 Bg7 19. Nc3 Re8 20. Rxe8+ Qxe8 21.
Re1 Qf8 22. Re3 Nf6 23. Ne5 Ne8 24. d6 Nxd6 25. Bxa8 Qxa8 26. Nxg6 fxg6 27.
Qxg6 Nf7 28. Nd5 Kf8 29. Nc7 1-0

[Event "Open Praha 2016"]
[Site "Praha CZE"]
[Date "2016.01.13"]
[Round "7.17"]
[White "Mikalsen, Erlend"]
[Black "Valantiejus, Vaidotas"]
[Result "1-0"]
[WhiteElo "2314"]
[BlackElo "2080"]
[PlyCount "43"]
[EventDate "2016.01.08"]
[EventType "swiss"]
[EventRounds "9"]
[EventCountry "CZE"]
[Source "lmi"]
[SourceDate "2016.01.08"]

1. e4 c5 2. Nf3 d6 3. d4 cxd4 4. Nxd4 Nf6 5. Nc3 a6 6. Bg5 Nbd7 7. f4 Qc7 8.
Qf3 h6 9. Bh4 g5 10. fxg5 hxg5 11. Bxg5 Qc5 12. Nf5 e6 13. Bxf6 Nxf6 14. Ne3
Bh6 15. Nc4 Ke7 16. Rd1 Rd8 17. e5 Ne8 18. Ne4 Qa7 19. Nexd6 Nxd6 20. Qf6+ Ke8
21. exd6 Bf8 22. Ne5 1-0